<?xml version="1.0" encoding="UTF-8"?><?xml-stylesheet type="text/xsl" href="static/style.xsl"?><OAI-PMH xmlns="http://www.openarchives.org/OAI/2.0/" xmlns:xsi="http://www.w3.org/2001/XMLSchema-instance" xsi:schemaLocation="http://www.openarchives.org/OAI/2.0/ http://www.openarchives.org/OAI/2.0/OAI-PMH.xsd"><responseDate>2026-04-17T01:27:28Z</responseDate><request verb="GetRecord" identifier="oai:www.recercat.cat:10459.1/69032" metadataPrefix="marc">https://recercat.cat/oai/request</request><GetRecord><record><header><identifier>oai:recercat.cat:10459.1/69032</identifier><datestamp>2024-12-05T22:23:37Z</datestamp><setSpec>com_2072_3622</setSpec><setSpec>col_2072_479130</setSpec></header><metadata><record xmlns="http://www.loc.gov/MARC21/slim" xmlns:dcterms="http://purl.org/dc/terms/" xmlns:xsi="http://www.w3.org/2001/XMLSchema-instance" xmlns:doc="http://www.lyncode.com/xoai" xsi:schemaLocation="http://www.loc.gov/MARC21/slim http://www.loc.gov/standards/marcxml/schema/MARC21slim.xsd">
   <leader>00925njm 22002777a 4500</leader>
   <datafield ind2=" " ind1=" " tag="042">
      <subfield code="a">dc</subfield>
   </datafield>
   <datafield ind2=" " ind1=" " tag="720">
      <subfield code="a">Calderón Garrido, Diego</subfield>
      <subfield code="e">author</subfield>
   </datafield>
   <datafield ind2=" " ind1=" " tag="260">
      <subfield code="c">2020-06-16T08:44:01Z</subfield>
   </datafield>
   <datafield ind2=" " ind1=" " tag="260">
      <subfield code="c">2020-10-19T02:00:18Z</subfield>
   </datafield>
   <datafield ind2=" " ind1=" " tag="260">
      <subfield code="c">2020-04-22</subfield>
   </datafield>
   <datafield ind2=" " ind1=" " tag="520">
      <subfield code="a">L'objectiu que s'ha perseguit en aquesta investigació ha sigut analitzar la presència de les TIC a les assignatures de música en els diversos estudis dels graus de mestre de les universitats espanyoles. Per això s'ha realitzat una anàlisi dels plans docents de les assignatures relacionades amb la música dels diversos graus de mestre de totes les universitats espanyoles, així com d'un qüestionari aplicat a una mostra representativa de professors de música dels diversos graus de mestre de totes les universitats del estat. La conclusió final d'aquesta investigació és que ni les assignatures relacionades amb la música, ni els docents que les imparteixen, semblen estar conscienciats de la necessitat de la inclusió de les TIC i els beneficis que aquestes comporten d'acord amb la realitat que es trobaran a les seves aules els futurs mestres de didàctica de l'expressió musical.</subfield>
   </datafield>
   <datafield ind2=" " ind1=" " tag="520">
      <subfield code="a">El objetivo que se ha perseguido en esta investigación ha sido analizar la presencia de las TIC en las asignaturas de música en los diversos estudios de los grados de maestro de las universidades españolas. Para ello se ha realizado un análisis de los planes docentes de las asignaturas relacionadas con la música de los diversos grados de maestro de todas las universidades españolas, así como de un cuestionario aplicado a una muestra representativa de profesores de música de los diversos grados de maestro de todas las universidades del estado. La conclusión final de esta investigación es que ni las asignaturas relacionadas con la música, ni los docentes que las imparten, parecen estar concienciados de la necesidad de la inclusión de las TIC y los beneficios que estas comportan de acuerdo con la realidad que se encontrarán en sus aulas a los futuros maestros de didáctica de la expresión musical.</subfield>
   </datafield>
   <datafield ind2=" " ind1=" " tag="520">
      <subfield code="a">The objective that has been pursued in this research has been to analyze the presence of ICT in music subjects in the various studies of education degrees at Spanish universities. For this, an analysis of the teaching plans of the subjects related to music of the various master degrees from all Spanish universities has been carried out, as well as a questionnaire applied to a representative sample of music teachers of the various master degrees from all the universities in the state. The final conclusion of this research is that neither the subjects related to music, nor the teachers who teach them, seem to be aware of the need for the inclusion of ICT and the benefits that these bring according to the reality that will be found in their classrooms to future teachers of didactics of musical expression.</subfield>
   </datafield>
   <datafield ind1="8" ind2=" " tag="024">
      <subfield code="a">http://hdl.handle.net/10459.1/69032</subfield>
   </datafield>
   <datafield tag="653" ind2=" " ind1=" ">
      <subfield code="a">Tecnologia educativa</subfield>
   </datafield>
   <datafield tag="653" ind2=" " ind1=" ">
      <subfield code="a">Competència digital docent</subfield>
   </datafield>
   <datafield tag="653" ind2=" " ind1=" ">
      <subfield code="a">Didàctica de la música</subfield>
   </datafield>
   <datafield tag="653" ind2=" " ind1=" ">
      <subfield code="a">Tecnología educativa</subfield>
   </datafield>
   <datafield tag="653" ind2=" " ind1=" ">
      <subfield code="a">Competencia digital docente</subfield>
   </datafield>
   <datafield tag="653" ind2=" " ind1=" ">
      <subfield code="a">Didáctica de la música</subfield>
   </datafield>
   <datafield tag="653" ind2=" " ind1=" ">
      <subfield code="a">Educational technology</subfield>
   </datafield>
   <datafield tag="653" ind2=" " ind1=" ">
      <subfield code="a">Digital teaching competence</subfield>
   </datafield>
   <datafield tag="653" ind2=" " ind1=" ">
      <subfield code="a">Music teaching</subfield>
   </datafield>
   <datafield tag="653" ind2=" " ind1=" ">
      <subfield code="a">Didàctica i Organització Escolar</subfield>
   </datafield>
   <datafield tag="653" ind2=" " ind1=" ">
      <subfield code="a">37</subfield>
   </datafield>
   <datafield tag="653" ind2=" " ind1=" ">
      <subfield code="a">78</subfield>
   </datafield>
   <datafield ind2="0" ind1="0" tag="245">
      <subfield code="a">La tecnología en el aula de música de los grados de maestro: contenidos, usos y perfil del profesorado</subfield>
   </datafield>
</record></metadata></record></GetRecord></OAI-PMH>